The four loves. (Record no. 2310)

000 -LEADER
fixed length control field 00547nam a2200205 a 4500
001 - CONTROL NUMBER
control field :::00000034$&:&@@
003 - CONTROL NUMBER IDENTIFIER
control field OkBaRHE
005 - DATE AND TIME OF LATEST TRANSACTION
control field 20091120165609.0
008 - FIXED-LENGTH DATA ELEMENTS--GENERAL INFORMATION
fixed length control field s1983 j 000 0 eng u
040 ## - CATALOGING SOURCE
Transcribing agency
100 1# - MAIN ENTRY--PERSONAL NAME
Personal name Mills, Dick.
245 14 - TITLE STATEMENT
Title The four loves.
260 ## - PUBLICATION, DISTRIBUTION, ETC. (IMPRINT)
Place of publication, distribution, etc Tulsa, OK., :
Name of publisher, distributor, etc Harrison House
Date of publication, distribution, etc c1983
300 ## - PHYSICAL DESCRIPTION
Extent 31 p. ;
Dimensions 14 cm.
650 ## - SUBJECT ADDED ENTRY--TOPICAL TERM
Topical term or geographic name as entry element Agape.
650 ## - SUBJECT ADDED ENTRY--TOPICAL TERM
Topical term or geographic name as entry element Love.
650 ## - SUBJECT ADDED ENTRY--TOPICAL TERM
Topical term or geographic name as entry element Marriage love.
942 ## - ADDED ENTRY ELEMENTS (KOHA)
Source of classification or shelving scheme
Koha item type Books
Copies
Lost status Current Location Total Checkouts Withdrawn status Shelving location Date last seen Copy number Full call number Koha item type Source of classification or shelving scheme Permanent Location Barcode Total Renewals Not for loan Damaged status Date acquired Price effective from Date checked out
 RHEMA Bible Training College1 General Stacks2018-02-091BF 575 .M5Books RHEMA Bible Training College341  2010-04-142010-04-142018-01-19